000 00825nam a2200217Ii 4500
003 JO-AjNU
008 230605s9999||||xx |||||||||||||| ||und||
017 _a2004/12/2849
040 _aJO-AjNU
_bara
_erda
_cJO-AjNU
041 _aara
050 1 4 _aHG1616.M3.S84 2005
100 3 _aالصميدعي، محمد جاسم / م.مشارك: ردينة عثمان يوسف,
_eauthor
_933142
245 0 0 _aالتسويق المصرفي : مدخل استراتيجي-كمي-تحليلي
250 _aط1
264 3 1 _aعمان: دار المناهج للنشر والتوزيع، 2005
300 _a348ص
_bيحتوي على ببلوغرافية من 341-348ص
336 _atext
_btxt
_2rdacontent
337 _aunmediated
_bn
_2rdamedia
338 _avolume
_bnc
_2rdacarrier
650 4 _aالبنوك -التسويق
_933143
999 _aA13459
_c17027
_d17027